header

Girls, feminism, and grassroots literacies (Record no. 181854)

MARC details
000 -LEADER
fixed length control field 01702nam a2200409Ia 4500
082 04 - DEWEY DECIMAL CLASSIFICATION NUMBER
Classification number 305.235/201
100 1# - MAIN ENTRY--AUTHOR NAME
Personal name Sheridan-Rabideau, Mary P.
245 10 - TITLE STATEMENT
Title Girls, feminism, and grassroots literacies
260 ## - PUBLICATION, DISTRIBUTION, ETC. (IMPRINT)
Place of publication Albany :
Name of publisher State University of New York Press,
Year of publication c2008.
300 ## - PHYSICAL DESCRIPTION
Number of Pages xii, 204 p. :
Other physical details ill.
490 1# - SERIES STATEMENT
Series statement SUNY series in feminist criticism and theory
650 #0 - SUBJECT ADDED ENTRY--TOPICAL TERM
Topical Term Feminist theory
Topical Term Women's rights
Topical Term Teenage girls
Topical Term Young women
Topical Term Feminism
Topical Term Women in community organization
856 40 - ELECTRONIC LOCATION AND ACCESS
Uniform Resource Identifier http://site.ebrary.com/lib/rucke/Doc?id=10575800

No items available.

© 2026 Rongo University
Contact us: librarian | system librarian | Rongo university